| 000 | 00459cam a22001217a 4500 | ||
|---|---|---|---|
| 008 | 180718b2011 xxu||||| |||| 00| 0 eng d | ||
| 100 | _aMehta, Aasha Kapur | ||
| 245 |
_aEscaping poverty: the ralegan siddhi case _cby Aasha Kapur Mehta and Trishna Satpathy |
||
| 260 |
_aNew Delhi _bIndian Institute of Public Administration and Chronic Poverty Research Centre _c2011 |
||
| 300 | _a53p. | ||
| 440 | _aCPRC-IIPA working paper no.; 38 | ||
| 700 | _aSatpathy, Trishna | ||
| 999 |
_c502617 _d502617 |
||